| 000 | 00901nam a2200265 i 4500 | ||
|---|---|---|---|
| 001 | 180134 | ||
| 003 | ES-MaACL | ||
| 005 | 20250902225547.0 | ||
| 008 | 120423s2010 sp aco |||| |dspa d | ||
| 020 | _a978-84-96515-99-4 | ||
| 080 | _a001:32 | ||
| 100 | 1 |
_aSánchez Ron, José Manuel, _d1949- _9102904 |
|
| 245 | 1 | 0 |
_aCiencia, política y poder : _bNapoleón, Hitler, Stalin y Eisenhower / _cJosé Manuel Sánchez Ron. |
| 250 | _a1ª ed. | ||
| 260 |
_aBilbao : _bFundación BBVA, _c2010. |
||
| 300 |
_a261 p. : _bil. ; _c24 cm. |
||
| 490 | 1 | _aConferencias magistrales | |
| 504 | _aBibliografía: p. 251-256. | ||
| 650 | 4 |
_aCiencia- _xAspectos políticos. _910934 |
|
| 710 | 2 |
_aFundación BBVA _94230 |
|
| 830 | 1 |
_aConferencias magistrales _9191426 |
|
| 852 | 4 |
_aES-MaACL _jA-12067 _9187044 _bR.145801 _cDEPO1 _dOlim: N-5072 |
|
| 942 |
_2udc _cMONOGRAFIA |
||
| 999 |
_c180134 _d180134 |
||